Friday the 13th Trivia - Statistics

General Stats
  • This quiz has been taken 115 times
  • The average score is 10 of 20
Answer Stats
Hint Answer % Correct
What's the name of the camp that Jason drowned? Camp Crystal Lake
94%
What is Jason's favorite weapon? Machete
90%
What major city did Jason visit in the 8th installment of the franchise? Manhattan
76%
In which movie did Jason get his trademark mask? Friday the 13th Part III
72%
As of 2024, how many "Friday the 13th" movies are there? 12
68%
What did Jason wear over his face before getting his mask? Burlap Sack
67%
Who was the killer in the first "Friday the 13th" movie? Pamela Voorhees
66%
Who killed Jason in Friday the 13th Part IV: The Final Chapter? Tommy Jarvis
60%
What nickname do the locals give the camp? Camp Blood
57%
What famous actor played Jack Burrell in the original "Friday the 13th?" Kevin Bacon
52%
What actor played Jason Vorhees four consecutive times? Kane Hodder
49%
How is Jason resurrected in "Friday the 13th Part VI: Jason Lives"? Lightning
48%
Who pulled Jason's mask to hell at the end of "Friday the 13th Part IX: Jason Goes to Hell"? Freddy Krueger
42%
Town local who warns people of the camp's danger Crazy Ralph
41%
Who is Jason's first kill in "Friday the 13th Part II?" Alice
36%
Who is the copycat killer in Friday the 13th Part V: A New Beginning Roy Burns
34%
What weapon is associated with Jason Vorhees even though he has never used it? Chainsaw
28%
What was the camp renamed to in "Friday the 13th Part II?" Camp Forest Green
25%
How is Jason resurrected in "Friday the 13th Part VII: The New Blood"? Telekinesis
17%
What year does "Jason X" take place? 2455
16%
No matching quizzes found
Score Distribution
Percent of People with Each Score
Percentile by Number Answered
Your Score History
You have not taken this quiz